000 00554nam a2200193Ia 4500
003 GCL
008 140319s9999 xx 000 0 ara d
040 _aGCL /
_cGCL
082 0 4 _a922.6
_bق ن
100 1 _aقطب فتحى عبدالجليل
245 1 0 _aنظرات فى حياة العارف بالله الفرغل /
_cقطب فتحى عبدالجليل
300 _a111 ص
490 _a
650 0 4 _aالاسلام
650 0 4 _aالتصوف الاسلامى
650 0 4 _aالوعاظ
650 0 4 _aالمتصوفون
942 _2ddc
_cBK
999 _c52251
_d52251